ASME Turbo Expo 2018: Turbomachinery Technical Conference and Exposition - Volume 8: Microturbines, Turbochargers, and Small Turbomachines; Steam Turbines

Dades bibliogràfiques
Format: Electrònic Revista
Idioma:English
Publicat: ASME
Accés en línia:Full text available on ASME[2018-2018]
Off-campus access
LEADER 01037cas a2200181 a 4500
001 AALConferenceProceedingsASME000682
008 230101c9999 xx r poo 0 0eng d
020 |a 978-0-7918-5117-3 
040 |a BD-DhAAL  |c BD-DhAAL 
245 0 0 |h [electronic resource]  |a ASME Turbo Expo 2018: Turbomachinery Technical Conference and Exposition - Volume 8: Microturbines, Turbochargers, and Small Turbomachines; Steam Turbines 
260 |b ASME 
300 |a 1 online resource 
500 |a <strong>Off-Campus Access:</strong> Athens ID and Password Required 
500 |a <strong>On-Campus Access:</strong> No User ID or Password Required 
506 |a Electronic access restricted to authorized BRAC University faculty, staff and students 
538 |a Mode of access: Internet 
856 4 0 |z Full text available on ASME[2018-2018]  |u https://asmedigitalcollection.asme.org/GT/GT2018/volume/51173 
856 4 0 |z Off-campus access  |u https://go.openathens.net/redirector/bracu.ac.bd?url=https%3A%2F%2Fasmedigitalcollection.asme.org%2FGT%2FGT2018%2Fvolume%2F51173